000 00637nam a2200205Ii 4500
003 JO-AjNU
008 230605s9999||||xx |||||||||||||| ||und||
040 _aJO-AjNU
_bara
_erda
_cJO-AjNU
041 _aara
050 1 4 _aPJ7846.A98.T32 1982
100 3 _aتأليف المازني،إبراهيم عبد القادر,
_eauthor
_97191
245 0 0 _aثلاث رجال وإمرأة
250 _aط3
264 3 1 _aعمان:دار الشروق،1982
300 _a124ص
336 _atext
_btxt
_2rdacontent
337 _aunmediated
_bn
_2rdamedia
338 _avolume
_bnc
_2rdacarrier
650 4 _aالأدب العربي - قصص
_97192
999 _aA154
_c3722
_d3722